[Event "25th Chicago Open"]
[Site "Wheeling, IL"]
[Date "2016.05.30"]
[Round "9"]
[White "Schmakel, Sam"]
[Black "Carmenate, Holden"]
[Result "1/2-1/2"]
[WhiteElo "2349"]
[BlackElo "2518"]
[PlyCount "113"]
[EventDate "2016.05.??"]
[EventType "swiss"]
[EventRounds "9"]
[EventCountry "USA"]
[Source "MonRoi"]

1. d4 Nf6 2. c4 e6 3. Nf3 d5 4. Nc3 dxc4 5. e4 Bb4 6. Bg5 c5 7. Bxc4 cxd4 8.
Nxd4 Bxc3+ 9. bxc3 Qa5 10. Bb5+ Bd7 11. Bxf6 gxf6 12. Bxd7+ Nxd7 13. O-O a6 14.
Rb1 Qc7 15. Qh5 Nc5 16. f4 Rg8 17. f5 O-O-O 18. fxe6 Nxe6 19. Rxf6 Rxd4 20.
Rxe6 Rd2 21. Rh6 Kb8 22. Kh1 Rdxg2 23. Rxa6 f5 24. Re6 Ka7 25. Qh3 Qg7 26. Qe3+
Ka8 27. Rh6 f4 28. Qb6 Rxa2 29. Rg1 Qf7 30. Rd1 Rc8 31. Qe6 Qxe6 32. Rxe6 Rxc3
33. Rh6 Rc7 34. Rf6 Rf2 35. Re1 f3 36. e5 Re7 37. e6 Re2 38. Rf8+ Ka7 39. Ra1+
Kb6 40. Rxf3 R2xe6 41. Rb1+ Kc7 42. Rc3+ Rc6 43. Rcb3 Kb8 44. Rb5 Rc2 45. Kg1
Rg7+ 46. Kh1 Rgc7 47. R1b4 R2c5 48. Rb6 Ka7 49. Rh6 b5 50. Kg2 Rg5+ 51. Kf3 Rb7
52. Ke3 Rd5 53. Ke4 Rdd7 54. Ke5 Rb6 55. Rh3 Rb8 56. Ra3+ Kb6 57. Rxb5+ 1/2-1/2

[Event "25th Chicago Open"]
[Site "Wheeling, IL"]
[Date "2016.05.30"]
[Round "9"]
[White "Boros, Denes"]
[Black "Shetty, Atulya"]
[Result "1/2-1/2"]
[WhiteElo "2459"]
[BlackElo "2366"]
[PlyCount "94"]
[EventDate "2016.05.??"]
[EventType "swiss"]
[EventRounds "9"]
[EventCountry "USA"]
[Source "MonRoi"]

1. e4 e6 2. d3 d5 3. Nd2 c5 4. g3 g6 5. Bg2 Bg7 6. Ngf3 Nc6 7. O-O Nge7 8. Re1
O-O 9. h4 Qc7 10. h5 d4 11. Nf1 h6 12. N3h2 e5 13. f4 Be6 14. Nf3 exf4 15. gxf4
c4 16. Bd2 Qb6 17. Nh4 Bf6 18. Nf3 Bg7 19. Nh4 cxd3 20. cxd3 Nb4 21. Bxb4 Qxb4
22. Qd2 Qxd2 23. Nxd2 g5 24. f5 Bd7 25. Nhf3 Nc6 26. Nc4 b5 27. Na3 Ne5 28.
Nxe5 Bxe5 29. Rac1 Rac8 30. Kf2 a5 31. Bf3 Kg7 32. Bg4 Kf6 33. Kf3 Bf4 34. Rc2
Rxc2 35. Nxc2 Ke5 36. Re2 Rc8 37. f6 Bxg4+ 38. Kxg4 b4 39. Ne1 Kxf6 40. Rc2
Rxc2 41. Nxc2 Ke5 42. Ne1 Be3 43. Nf3+ Ke6 44. b3 f6 45. Ne1 Bd2 46. Nf3 Be3
47. Ne1 Bd2 1/2-1/2

[Event "25th Chicago Open"]
[Site "Wheeling, IL"]
[Date "2016.05.30"]
[Round "9"]
[White "Brown, Michael"]
[Black "Ludwig, John"]
[Result "1/2-1/2"]
[WhiteElo "2418"]
[BlackElo "2348"]
[PlyCount "64"]
[EventDate "2016.05.??"]
[EventType "swiss"]
[EventRounds "9"]
[EventCountry "USA"]
[Source "MonRoi"]

1. d4 Nf6 2. c4 c5 3. d5 e6 4. Nc3 exd5 5. cxd5 d6 6. e4 g6 7. f4 Bg7 8. Bb5+
Nfd7 9. a4 O-O 10. Nf3 Na6 11. O-O Nb4 12. Re1 a6 13. Bf1 Re8 14. h3 f5 15. Qb3
fxe4 16. Nxe4 Nf6 17. Nxf6+ Bxf6 18. Bd2 Rxe1 19. Rxe1 Bf5 20. Bc3 Bc2 21. Qa3
Bxc3 22. bxc3 Nd3 23. Re2 Bd1 24. Rd2 Bxf3 25. Bxd3 Qe7 26. Qa2 Qe3+ 27. Kh1
Be4 28. Bxe4 Qxe4 29. c4 Rf8 30. Rf2 Rxf4 31. Rxf4 Qxf4 32. Qe2 Qf7 1/2-1/2

[Event "25th Chicago Open"]
[Site "Wheeling, IL"]
[Date "2016.05.30"]
[Round "9"]
[White "Homa, Seth"]
[Black "Ruiz, Joshua"]
[Result "1-0"]
[WhiteElo "2325"]
[BlackElo "2399"]
[PlyCount "53"]
[EventDate "2016.05.??"]
[EventType "swiss"]
[EventRounds "9"]
[EventCountry "USA"]
[Source "MonRoi"]

1. d4 Nf6 2. Nf3 e6 3. e3 b6 4. Bd3 Bb7 5. O-O Be7 6. c4 c5 7. Nc3 cxd4 8. exd4
d6 9. d5 e5 10. Ng5 h6 11. Nge4 Nxe4 12. Nxe4 O-O 13. Ng3 Bg5 14. f4 exf4 15.
Bxf4 Bxf4 16. Rxf4 Nd7 17. Qd2 Ne5 18. Raf1 b5 19. cxb5 Bxd5 20. Bb1 Be6 21.
Kh1 Qb6 22. Nh5 Qxb5 23. a4 Nf3 24. Nf6+ gxf6 25. R4xf3 Qh5 26. Rg3+ Kh8 27.
Rxf6 1-0

[Event "25th Chicago Open"]
[Site "Wheeling, IL"]
[Date "2016.05.30"]
[Round "9"]
[White "Rozman, Levy"]
[Black "Mulyar, Michael"]
[Result "1/2-1/2"]
[WhiteElo "2254"]
[BlackElo "2388"]
[PlyCount "28"]
[EventDate "2016.05.??"]
[EventType "swiss"]
[EventRounds "9"]
[EventCountry "USA"]
[Source "MonRoi"]

1. d4 d5 2. c4 c6 3. Nc3 Nf6 4. Nf3 e6 5. Bg5 dxc4 6. e4 b5 7. e5 h6 8. Bh4 g5
9. Bg3 Nd5 10. Nd2 Qa5 11. Nde4 b4 12. Nxd5 cxd5 13. Nf6+ Kd8 14. b3 Nd7
1/2-1/2

[Event "25th Chicago Open"]
[Site "Wheeling, IL"]
[Date "2016.05.30"]
[Round "9"]
[White "Ghatti, Sanjay"]
[Black "Vibbert, Sean"]
[Result "0-1"]
[WhiteElo "2150"]
[BlackElo "2350"]
[PlyCount "116"]
[EventDate "2016.05.??"]
[EventType "swiss"]
[EventRounds "9"]
[EventCountry "USA"]
[Source "MonRoi"]

1. e4 c5 2. Nf3 e6 3. d4 cxd4 4. Nxd4 Nc6 5. Nc3 Qc7 6. Be3 a6 7. Be2 b5 8. a3
Bb7 9. O-O Ne5 10. f4 Nc4 11. Bxc4 Qxc4 12. Qd3 Nf6 13. Qxc4 bxc4 14. e5 Ng4
15. Bd2 Bc5 16. Nce2 f6 17. exf6 gxf6 18. h3 e5 19. fxe5 fxe5 20. hxg4 exd4 21.
Rf5 d6 22. Nf4 O-O-O 23. Ne6 Be4 24. Rh5 Bg6 25. Rg5 Ba7 26. Nxd8 Rxd8 27. Re1
d3+ 28. Kh2 dxc2 29. Ra5 Bd4 30. Rxa6 Kd7 31. Bf4 Bc5 32. Bg5 Re8 33. Rxe8 Bxe8
34. Ra8 Bg6 35. Rb8 Kc7 36. Rb5 Kc6 37. Rb8 Bd4 38. a4 d5 39. g3 Be5 40. Rb4
Bd3 41. a5 c3 42. bxc3 Bxc3 43. Rb3 d4 44. Bc1 Bb5 45. Ra3 Ba6 46. Kg2 Kc5 47.
Kf3 Bb4 48. Ra2 d3 49. Ke3 Kc4 50. Ra4 Kb3 51. Rxb4+ Kxb4 52. Kd4 Kb3 53. Ke3
Kc3 54. g5 Bb5 55. g4 Ba6 56. Ba3 d2 57. Bb4+ Kxb4 58. Kxd2 Kb3 0-1

[Event "25th Chicago Open"]
[Site "Wheeling, IL"]
[Date "2016.05.30"]
[Round "9"]
[White "Carreto, Giovanni"]
[Black "Kretchetov, Alexandre"]
[Result "1-0"]
[WhiteElo "2224"]
[BlackElo "2246"]
[PlyCount "89"]
[EventDate "2016.05.??"]
[EventType "swiss"]
[EventRounds "9"]
[EventCountry "USA"]
[Source "MonRoi"]

1. e4 e5 2. Nf3 Nc6 3. d4 exd4 4. Nxd4 Bc5 5. Nxc6 Qf6 6. Qf3 Qxf3 7. gxf3 bxc6
8. Bf4 d6 9. Nd2 Bd4 10. c3 Bf6 11. Be3 Ne7 12. f4 O-O 13. O-O-O g6 14. Be2 Bg7
15. h4 f5 16. Bc4+ Kh8 17. f3 d5 18. exd5 cxd5 19. Bb3 Bb7 20. Bc5 Rfe8 21. h5
Kg8 22. Rdg1 Kf7 23. hxg6+ hxg6 24. Rh7 Ng8 25. Nc4 Nf6 26. Ne5+ Rxe5 27. Rxg7+
Kxg7 28. fxe5 Nd7 29. Bf2 Kf7 30. e6+ Kxe6 31. Rxg6+ Kf7 32. Rg5 Ne5 33. Rxf5+
Ke6 34. Bc2 Rg8 35. f4 Nf3 36. Rh5 a6 37. Rh6+ Kd7 38. Bg6 Rf8 39. Bg3 d4 40.
Rh7+ Kc6 41. f5 d3 42. f6 d2+ 43. Kd1 Rxf6 44. Be4+ Kb6 45. Bxc7+ 1-0

[Event "25th Chicago Open"]
[Site "Wheeling, IL"]
[Date "2016.05.30"]
[Round "9"]
[White "Haessel, Dale"]
[Black "Iwu, Okechukwu"]
[Result "0-1"]
[WhiteElo "2234"]
[BlackElo "2132"]
[PlyCount "140"]
[EventDate "2016.05.??"]
[EventType "swiss"]
[EventRounds "9"]
[EventCountry "USA"]
[Source "MonRoi"]

1. d4 Nf6 2. c4 e6 3. Nf3 Bb4+ 4. Nbd2 b6 5. g3 Bb7 6. Bg2 O-O 7. O-O a5 8. Qc2
Bxd2 9. Bxd2 Be4 10. Qc3 d6 11. Rad1 Nbd7 12. h4 Qe7 13. Bf4 Rfe8 14. b3 h6 15.
Bc1 d5 16. Bb2 Qb4 17. Qc1 dxc4 18. bxc4 Rac8 19. Bh3 Qa4 20. Qc3 Qc2 21. d5
Qxc3 22. Bxc3 Bf5 23. Bxf5 exf5 24. Bxf6 Nxf6 25. Nd4 g6 26. e3 Ne4 27. Nc6 Kg7
28. Kg2 Kf6 29. Rd3 g5 30. Rh1 Rh8 31. Na7 Rcd8 32. Nb5 c6 33. hxg5+ Kxg5 34.
Nc3 Rd6 35. Rh4 Re8 36. Ne2 Nf6 37. Nf4 Re4 38. Nh3+ Kg6 39. Nf4+ Kg7 40. Rb3
cxd5 41. cxd5 Re5 42. Kf3 Ne4 43. Ke2 Re8 44. Rh5 Rc8 45. Rxf5 Nc3+ 46. Kd2
Ne4+ 47. Ke2 Nc3+ 48. Kd3 Nxa2 49. Kd4 f6 50. e4 Nb4 51. Ne6+ Kg6 52. Nf4+ Kf7
53. Rb1 Nc6+ 54. Ke3 Ne5 55. Nh5 Rc3+ 56. Kd2 Ra3 57. f4 Nc4+ 58. Kc1 Rc3+ 59.
Kd1 Rf3 60. Rc1 Rf1+ 61. Kc2 Rxc1+ 62. Kxc1 Ne3 63. Rxf6+ Rxf6 64. Nxf6 Kxf6
65. e5+ Kf5 66. d6 Ke6 67. Kd2 Nf1+ 68. Kd3 Nxg3 69. Kc4 Nf5 70. Kb5 Nxd6+ 0-1